000 01136nam a22002057a 4500
999 _c59883
_d59883
005 20251125233050.0
008 s2552 th tha d
040 _aNALT
041 _atha
090 _aอศ ส153ท 2552
245 1 0 _aพระที่นั่งอนันตสมาคม ที่ระลึกงานพระราชทานเพลิงศพ นายสง่า วัชราภรณ์ ป.ช.,ป.ม. ณ วัดเจียงอีศรีมงคลวราราม พระอารามหลวง วันอาทิตย์ที่ 22 พฤศจิกายน 2552
260 3 _aกรุงเทพฯ
_c2552
300 _a55 หน้า :
_b ภาพประกอบ ;
_c 29 ซม.
650 0 4 _aพระที่นั่งอนันตสมาคม -- ประวัติ
650 0 4 _aสง่า วัชราภรณ์ -- ชีวประวัติ
850 _aNALT
856 4 0 _uhttps://hdl.handle.net/20.500.14156/334934
942 _cCRE
_01
_2lcc